Представление документа в формате RUSMARC

ПолеНазваниеЗначение
  Тип записи a
  Библиографический уровень m
001 Контрольный номер RU/IS/BASE/276271323
005 Дата корректировки 20201206204610.9
010 Индекс ISBN __
a ISBN 978-5-469-00867-5
d Цена 459-35
101 Язык документа __
a Язык текста rus
c Язык оригинала rus
200 Заглавие и сведения об ответственности 0_
a Заглавие Словарь религий
e Сведения, относящиеся к заглавию иудаизм, христианство, ислам
f Первые сведения об ответственности под ред. В. Зюбера, Ж. Потэна ; пер. с фр. Е. А. Терюковой
b Общее обозначение материала Текст
210 Выходные данные __
a Место издания СПб.
c Издательство Питер
d Дата издания 2008
215 Физическое описание __
a Объем 656 с.
320 Библиография __
a Библиография Указ. терминов: с. 651-655
330 Аннотация __
a Аннотация Объяснение терминов, представляющих наибольшую важность при изучении представленных религий.
606 Тематические рубрики __
a Основная рубрика Религия. Мистика. Свободомыслие
606 Тематические рубрики __
a Основная рубрика Христианство в целом
606 Тематические рубрики __
a Основная рубрика Религии Востока
606 Тематические рубрики __
a Основная рубрика Ислам
610 Ключевые слова __
a Ключевые слова мусульманство; иудаизм; религиозные термины
686 Индексы других классификаций __
a Классификационный индекс 86.3я2; ст86.3я2
801 Источник записи _0
a Страна RU
b Организация Муниципальное бюджетное учреждение культуры "Централизованная библиотечная система" г. Сургут (Центральная городская библиотека им. А. С. Пушкина)
g Правила каталогизации КиК/Гришунина
801 Источник записи _1
a Страна RU
b Организация Муниципальное бюджетное учреждение культуры "Централизованная библиотечная система" г. Сургут (Центральная городская библиотека им. А. С. Пушкина)
g Правила каталогизации КиК/Гришунина
852 Данные о местонахождении __
j Шифр хранения 86.3я2
c Каталожный индекс 86.3я2
i Авторский знак С 48
901 Тип документа __
t Тип документа m
903 Характеристики (МАРС) __
a Дата передачи 20081003
969 Тип издания __
a Тип издания словарь
990 Данные о заказе (DOS) 00
j Количество экземпляров (DOS) 3
t N записи в КСУ для И/У (DOS) 200810